Welcome to CU Library Online Public Access Catalogue (OPAC)

PLANT LIFE IN WEST AFRICA (Record no. 1374)

MARC details
000 -LEADER
fixed length control field 00413nam a22001577a 4500
005 - DATE AND TIME OF LATEST TRANSACTION
control field 20241120143715.0
008 - FIXED-LENGTH DATA ELEMENTS--GENERAL INFORMATION
fixed length control field 241120b |||||||| |||| 00| 0 eng d
020 ## - INTERNATIONAL STANDARD BOOK NUMBER
International Standard Book Number 9964301189
050 ## - LIBRARY OF CONGRESS CALL NUMBER
Classification number QK393
Item number LAW
100 ## - MAIN ENTRY--PERSONAL NAME
Personal name LAWSON, G.W.
245 ## - TITLE STATEMENT
Title PLANT LIFE IN WEST AFRICA
260 ## - PUBLICATION, DISTRIBUTION, ETC.
Place of publication, distribution, etc. ACCRA
Name of publisher, distributor, etc. GHANA UNIVERSITY PRESS
Date of publication, distribution, etc. c1985
300 ## - PHYSICAL DESCRIPTION
Extent viii, 138p
Other physical details ill.;
500 ## - GENERAL NOTE
General note Includes general index
942 ## - ADDED ENTRY ELEMENTS (KOHA)
Source of classification or shelving scheme Library of Congress Classification
Koha item type Books
Suppress in OPAC No
999 ## -
-- 1374
-- 1374
Holdings
Withdrawn status Lost status Source of classification or shelving scheme Damaged status Not for loan Collection Home library Current library Shelving location Date acquired Total checkouts Full call number Barcode Date last seen Copy number Price effective from Koha item type
    Library of Congress Classification     Non-fiction Undergraduate Library (Christ Temple) Undergraduate Library (Christ Temple) General stacks 11/20/2024   QK393LAW ulct00000341 11/20/2024 1 11/20/2024 Books
© 2023-2024 Copyright: Central University Libraries. All Rights Reserved | Created by: Mahone Tech Office